000 00392nam a2200133 4500
008 779.092 P419n
020 _a9788591666911
082 _a779.092
_bP419n
100 _aPenteado, André
_96158
245 _aNão estou sozinho
260 _aSão Paulo
_bCentro cultural São Paulo
_c2016
300 _a130
_bill (col)
_c24 x 17 cm
650 _xFotografía
_xRetratos
_xObjetos
_xEnsayo fotográfico
_96159
999 _c1503
_d1503